Fanusta diyaloglar : (Record no. 15148)

MARC details
000 -BAŞLIK
Sabit Uzunlukta Kontrol Alanı 00965nam a22002657a 4500
999 ## - SİSTEM KONTROL NUMARALARI (KOHA)
Koha Biblionumber 15148
Koha Biblioitemnumber 15148
003 - KONTROL NUMARASI IDENTIFIER
Denetim Alanı MIRAKIL
005 - SON İŞLEM TARİHİ VE ZAMANI
Denetim Alanı 20230215114724.0
008 - SABİT-BOY VERİ ELEMANLARI - GENEL BİLGİLER
Sabit Uzunlukta Kontrol Alanı 230215b tu ||||| |||| 00| 0 tur d
020 ## - ULUSLARARASI STANDART KİTAP NUMARASI
Uluslararası Standart Kitap Numarası 9786053995210
040 ## - KATALOGLAMA KAYNAK
Orijinal Kataloglama Ajansı TR-AnCHP
Metne Dönüştürmek Ajansı TR-AnCHP
041 ## - DİL KODU
Metin / Ses Parça Veya Ayrı Başlığın Dil Kodu tur
082 ## - DEWEY ONLU SINIFLANDIRMA NUMARASI
Sınıflandırma Numarası 320.561
Ürün Numarası E62f 2018
100 ## - ANA GİRİŞ - KİŞİSEL İSİM
Kişisel Ad Erdoğan, Emre
245 10 - BAŞLIK TABLOSU
Başlık Fanusta diyaloglar :
Başlığın Kalan Türkiye'de kutuplaşmanın boyutları /
Sorumluluk Tablosu, Vb Emre Erdoğan - Pınar Uyan Semerci
246 ## - UNVAN FORM VARYING
Başlık Doğru / Kısa Başlığı Türkiye'de kutuplaşmanın boyutları
260 ## - YAYIN, DAĞITIM, VB
Yayın, Dağıtım, Vb Yeri İstanbul :
Yayıncı, Dağıtıcı, Vs Adı İstanbul Bilgi Üniversitesi Yayınları,
Yayın, Dağıtım, Vb Tarihi 2018.
300 ## - FİZİKSEL TANIM
Kapsam 161 s. :
Diğer Fiziksel Ayrıntıları grf., tbl. ;
Boyutlar 23 sm.
490 0# - SERİSİ TABLOSU
Seri Beyanı İstanbul Bilgi Üniversitesi Yayınları ;
-- Araştırma ;
Hacim / Ardışık Tanımı 631.
-- 13.
504 ## - KAYNAKÇA VB NOT
Kaynakça Vb Notu Kaynakça ve dizin vardır.
650 #0 - KONU KATMA GİRİŞ - TOPİKAL DÖNEM
9 (RLIN) 9
Topikal Süreli Veya Coğrafi Ad Giriş Elemanı Siyaset ve yönetim
Genel Alt Bölümü Türkiye
650 #0 - KONU KATMA GİRİŞ - TOPİKAL DÖNEM
9 (RLIN) 5
Topikal Süreli Veya Coğrafi Ad Giriş Elemanı Türkiye
Genel Alt Bölümü Siyasal kutuplaşma
700 1# - KATMA GİRİŞ - KİŞİSEL İSİM
9 (RLIN) 4982
Kişisel Ad Semerci, Uyan Pınar
740 ## - KATMA GİRİŞ - KONTROLSUZ İLGİLİ / ANALİTİK BAŞLIK
Kontrol Edilmeyen / İlgili Analitik Başlıktaki Türkiye'de kutuplaşmanın boyutları
942 ## - EKLENDİ GİRİŞ ELEMANLARI (KOHA)
Sınıflandırma Veya Raf Düzeni Kaynak Dewey Decimal Classification
Koha Öğesi Türü Books
Holdings
Kalıcı Konum Mevcut Konum Edinme Tarihi Toplam Check-Out'Lar Tam Çağrı Numarası Barkod Tarih Son Görülme İtibaren Geçerli Fiyatlar Koha Öğesi Türü
CHP Kütüphanesi CHP Kütüphanesi 02/15/2023   320.561 E62f 2018 020719 02/15/2023 02/15/2023 Books